书目信息 |
| 题名: |
人力资源开发与管理
|
|
| 作者: | 丁桂凤 编著 | |
| 分册: | ||
| 出版信息: | 北京 中国经济出版社 2016.12 |
|
| 页数: | 250页 | |
| 开本: | 24cm | |
| 丛书名: | ||
| 单 册: | ||
| 中图分类: | F243 , F241 | |
| 科图分类: | ||
| 主题词: | 人力资源开发 , 人力资源管理 | |
| 电子资源: | ||
| ISBN: | 978-7-5136-2603-3 | |
| 000 | 01038nam0 2200265 450 | |
| 001 | 3662 | |
| 005 | 20181008114425.83 | |
| 010 | @a978-7-5136-2603-3@dCNY48.00 | |
| 100 | @a20170802d2016 em y0chiy50 ea | |
| 101 | 0 | @achi |
| 102 | @aCN@b110000 | |
| 105 | @ay z 001yy | |
| 200 | 1 | @a人力资源开发与管理@9ren li zi yuan kai fa yu guan li@dHR development and management: a coursebook@f丁桂凤编著@zeng |
| 210 | @a北京@c中国经济出版社@d2016.12 | |
| 215 | @a250页@d24cm | |
| 300 | @a国家自然科学基金面上项目“创业失败与再创业意向的作用机制及干预研究”系列成果 | |
| 330 | @a本书依照人力资源的职能,分别阐述了人力资源管理概述、人性假设理论与人力资源管理、人力资源规划、工作分析、人员招聘、培训与开发、职业生涯管理、绩效管理、薪酬管理和未来发展趋势。 | |
| 510 | 1 | @aHR development and management: a coursebook@zeng |
| 606 | 0 | @a人力资源开发 |
| 606 | 0 | @a人力资源管理 |
| 690 | @aF243@v5 | |
| 690 | @aF241@v4 | |
| 701 | 0 | @a丁桂凤@9ding gui feng@c(女,@f1965-)@4编著 |
| 801 | 0 | @aCN@b91MARC@c20170802 |
| 905 | @aMuseLib@dF241@e151 | |
| 人力资源开发与管理=HR development and management: a coursebook/丁桂凤编著.-北京:中国经济出版社,2016.12 |
| 250页;24cm |
| 国家自然科学基金面上项目“创业失败与再创业意向的作用机制及干预研究”系列成果 |
| ISBN 978-7-5136-2603-3:CNY48.00 |
| 本书依照人力资源的职能,分别阐述了人力资源管理概述、人性假设理论与人力资源管理、人力资源规划、工作分析、人员招聘、培训与开发、职业生涯管理、绩效管理、薪酬管理和未来发展趋势。 |
| ● |
| 相关链接 |
|
|
|
|
正题名:人力资源开发与管理
索取号:F241/151
 
预约/预借
| 序号 | 登录号 | 条形码 | 馆藏地/架位号 | 状态 | 备注 |
| 1 | 1123102 | 211231022 | 第一样本阅览室/ [索取号:F241/151] | 在馆 | |
| 2 | 1123103 | 211231031 | 第一借阅区/ [索取号:F241/151] | 在馆 | |
| 3 | 1123104 | 211231040 | 第一借阅区/ [索取号:F241/151] | 在馆 | |
| 4 | 1123105 | 211231059 | 第一借阅区/ [索取号:F241/151] | 在馆 | |
| 5 | 1123106 | 211231068 | 密集书库-资源管理系/ [索取号:F241/151] | 在馆 |